000 01081nam a2200265 i 4500
001 145612
003 ES-MaACL
005 20230906201252.0
007 t|
008 071015m19691984sp ||||1| spa d
020 _a88-06-56952-X
080 _a008(4)"17"
080 _a308(4)"17"
100 1 _aVenturi, Franco.
_9113926
245 1 0 _aSettecento riformatore /
_cFranco Venturi.
260 _aTorino :
_bGiulio Einaudi,
_c1969-1984.
300 _a5 v. :
_bil. ;
_c22 cm.
490 1 _aBiblioteca di cultura storica ;
_v103
505 8 _aContiene: I. Da Muratori a Beccaria, 1730-1764 . - II. La chiesa e la repubblica dentro i loro limiti, 1758-1774 . - III. La prima crisi dell'Antico Regime, 1768-1776 . - IV. La caduta dell'Antico Regime, 1776-1789 . - 1. I grandi stati dell'Occidente . - 2. Il patriottismo repubblicano e gli imperi dell'Est
650 0 4 _aIlustración.
_913583
651 4 _aItalia-
_xHistoria-
_yS.XVIII.
_9169802
830 0 _aBiblioteca di cultura storica ;
_v103
_9220781
852 _aES-MaACL
_jG-8924-8
_bR.114523
999 _c145612
_d145612